000
00284nam a2200109Ia 4500
001
589105
005
20250717120842.0
008
250717s9999 xx 000 0 und d
245
0
_a
X-3 DÜNYANIN EN TEMBEL ATI RÜZGAR
_c
PHIL ALLCOCK
260
_b
İNDİGO YAYINLARI
_c
2018
300
_b
20
999
_c
589105
_d
589105